[Event "WchT Seniors 65"]
[Site "Radebeul"]
[Date "2016.07.04"]
[Round "9.19"]
[White "Svensson, Leif"]
[Black "Johansson, Per"]
[Result "1-0"]
[WhiteElo "2072"]
[BlackElo "1935"]
[PlyCount "91"]
[EventDate "2016.06.26"]
[EventType "team-swiss"]
[EventRounds "9"]
[EventCountry "GER"]
[SourceTitle "CBM 173 Extra"]
[Source "ChessBase"]
[SourceDate "2016.08.29"]
[SourceVersion "1"]
[SourceVersionDate "2016.08.29"]
[SourceQuality "1"]
[WhiteTeam "Sweden II"]
[BlackTeam "Sweden III"]
[WhiteTeamCountry "SWE"]
[BlackTeamCountry "SWE"]

1. d4 d5 2. Nc3 c6 3. Bg5 Nf6 4. e3 Bf5 5. Bd3 Bxd3 6. cxd3 e6 7. Nf3 Be7 8. 0-0 h6 9. Bxf6 Bxf6 10. b4 Nd7 11. Qb3 0-0 12. a4 e5 13. dxe5 Nxe5 14. Nxe5 Bxe5 15. d4 Bd6 16. b5 a5 17. Rfc1 Re8 18. Ne2 Qd7 19. bxc6 bxc6 20. Qc2 Re6 21. g3 Rc8 22. Rab1 Bb4 23. Nf4 Rd6 24. Nd3 Ba3 25. Nc5 Qe8 26. Rd1 Bxc5 27. Qxc5 Qd8 28. Rb6 Re6 29. Rdb1 Qe7 30. Qxe7 Rxe7 31. Rc1 Rec7 32. Rc5 Kf8 33. Rxa5 c5 34. Rxc5 Rxc5 35. dxc5 Rxc5 36. Rb7 Rc1+ 37. Kg2 Ra1 38. Ra7 g6 39. g4 Kg7 40. h4 Kf6 41. a5 Ke6 42. a6 f5 43. gxf5+ Kxf5 44. Kf3 Ra4 45. Ra8 Ke5 46. a7 1-0

[Event "WchT Seniors 65"]
[Site "Radebeul"]
[Date "2016.06.27"]
[Round "2.1"]
[White "Johansson, Per"]
[Black "Happel, Henk"]
[Result "1/2-1/2"]
[WhiteElo "1935"]
[BlackElo "2101"]
[PlyCount "57"]
[EventDate "2016.06.26"]
[EventType "team-swiss"]
[EventRounds "9"]
[EventCountry "GER"]
[SourceTitle "CBM 173 Extra"]
[Source "ChessBase"]
[SourceDate "2016.08.29"]
[SourceVersion "1"]
[SourceVersionDate "2016.08.29"]
[SourceQuality "1"]
[WhiteTeam "Sweden III"]
[BlackTeam "Koninklijke DD"]
[WhiteTeamCountry "SWE"]
[BlackTeamCountry "NED"]

1. d4 e6 2. c4 f5 3. Nf3 Nf6 4. g3 d5 5. Bg2 c6 6. 0-0 Bd6 7. b3 Qe7 8. Bb2 0-0 9. Qc1 b6 10. Ba3 Ba6 11. Bxd6 Qxd6 12. Qa3 Qxa3 13. Nxa3 Nbd7 14. Rac1 Rac8 15. Rfd1 Ne4 16. e3 g5 17. Bf1 g4 18. Ne1 Ndf6 19. Nd3 Ng5 20. Ne5 Nf3+ 21. Nxf3 gxf3 22. Nc2 dxc4 23. Bxc4 Bxc4 24. bxc4 c5 25. Ne1 cxd4 26. exd4 Rc7 27. Nxf3 Rfc8 28. Ne5 Ng4 29. Nxg4 1/2-1/2

[Event "EU-chT Seniors"]
[Site "Sibenik"]
[Date "2014.04.07"]
[Round "7.17"]
[White "Johansson, Per"]
[Black "Neudel, Bernd"]
[Result "1/2-1/2"]
[WhiteElo "1945"]
[BlackElo "1895"]
[PlyCount "86"]
[EventDate "2014.04.01"]
[EventType "team-swiss"]
[EventRounds "9"]
[EventCountry "CRO"]
[SourceTitle "CBM 159 Extra"]
[Source "ChessBase"]
[SourceDate "2014.04.24"]
[SourceVersion "1"]
[SourceVersionDate "2014.04.24"]
[SourceQuality "1"]
[WhiteTeam "Sweden Seniors V"]
[BlackTeam "Germany Stiftung BSW/DBAG Seniors II"]
[WhiteTeamCountry "SWE"]
[BlackTeamCountry "GER"]

1. d4 d5 2. Nf3 Nf6 3. c4 e6 4. g3 g6 5. Bg2 Bg7 6. 0-0 0-0 7. Qc2 c6 8. Nbd2 Nbd7 9. e4 dxe4 10. Nxe4 Nxe4 11. Qxe4 Nf6 12. Qh4 Nd7 13. Qe4 Re8 14. Ne5 Nxe5 15. dxe5 Qc7 16. Re1 Qe7 17. b3 Rb8 18. Bb2 c5 19. Rad1 b6 20. Qd3 Bb7 21. Qd7 Bxg2 22. Kxg2 Kf8 23. Rd3 Rbd8 24. Qxe7+ Kxe7 25. Red1 Rxd3 26. Rxd3 Rd8 27. Rd6 Bh6 28. Rxd8 Kxd8 29. Kf3 Kd7 30. Ke4 Bg5 31. f4 Be7 32. g4 Bd8 33. h3 Be7 34. f5 Kc6 35. Bc1 Kd7 36. Bh6 Ke8 37. Kf4 Bh4 38. Bg7 Be7 39. fxe6 fxe6 40. Bf6 Kf7 41. g5 Ke8 42. h4 Kd7 43. Bg7 Kc6 1/2-1/2

[Event "EU-chT Seniors"]
[Site "Rogaska Slatina"]
[Date "2012.03.30"]
[Round "4.18"]
[White "Johansson, Per"]
[Black "Gilbert, Colin"]
[Result "1/2-1/2"]
[WhiteElo "2031"]
[BlackElo "1795"]
[PlyCount "55"]
[EventDate "2012.03.27"]
[EventType "team-swiss"]
[EventRounds "9"]
[EventCountry "SLO"]
[SourceTitle "CBM 147 Extra"]
[Source "ChessBase"]
[SourceDate "2012.04.24"]
[SourceVersion "1"]
[SourceVersionDate "2012.04.24"]
[SourceQuality "1"]
[WhiteTeam "Sweden (Seniors) III"]
[BlackTeam "Wales (Seniors)"]
[WhiteTeamCountry "SWE"]
[BlackTeamCountry "WLS"]

1. d4 Nf6 2. Nf3 e6 3. c4 c5 4. d5 exd5 5. cxd5 d6 6. Nc3 g6 7. g3 Bg7 8. Bg2 0-0 9. 0-0 a6 10. a4 b6 11. Nd2 Nfd7 12. f4 Bd4+ 13. Kh1 f5 14. Nf3 Bg7 15. e4 fxe4 16. Nxe4 Nf6 17. Re1 Nxe4 18. Rxe4 Bf5 19. Re1 Re8 20. Ra3 Ra7 21. Ng5 Rae7 22. Ne6 Kh8 23. Rae3 Qd7 24. Nxg7 Kxg7 25. Qb3 Rxe3 26. Rxe3 Rxe3 27. Qxe3 Kf7 28. Qc3 1/2-1/2

[Event "EU-chT Seniors"]
[Site "Rogaska Slatina"]
[Date "2012.03.27"]
[Round "1.12"]
[White "Nordstrom, Felix"]
[Black "Johansson, Per"]
[Result "1-0"]
[WhiteElo "2160"]
[BlackElo "2031"]
[PlyCount "91"]
[EventDate "2012.03.27"]
[EventType "team-swiss"]
[EventRounds "9"]
[EventCountry "SLO"]
[SourceTitle "CBM 147 Extra"]
[Source "ChessBase"]
[SourceDate "2012.04.24"]
[SourceVersion "1"]
[SourceVersionDate "2012.04.24"]
[SourceQuality "1"]
[WhiteTeam "Sweden (Seniors)"]
[BlackTeam "Sweden (Seniors) III"]
[WhiteTeamCountry "SWE"]
[BlackTeamCountry "SWE"]

1. d4 d5 2. c4 c6 3. Nf3 Nf6 4. e3 g6 5. Nc3 Bg7 6. Qb3 0-0 7. Bd2 Qb6 8. Qa3 Bf5 9. Be2 Ne4 10. cxd5 Nxc3 11. Bxc3 cxd5 12. Qxe7 Nc6 13. Qa3 a5 14. 0-0 Rfc8 15. Qa4 Bf8 16. Rfc1 Nb4 17. Qd1 a4 18. a3 Nc6 19. Qd2 Na5 20. Bxa5 Rxc1+ 21. Rxc1 Rxa5 22. Ne1 Kg7 23. Qc3 Ra8 24. g4 Be6 25. Nd3 Qd8 26. Nc5 Bd6 27. Nxb7 Bxh2+ 28. Kxh2 Qh4+ 29. Kg1 Bxg4 30. Bxg4 Qxg4+ 31. Kf1 Re8 32. Nc5 h5 33. Nd3 Rb8 34. Nb4 h4 35. Qc7 Re8 36. Qh2 h3 37. Qg3 Qh5 38. Kg1 Re4 39. Kh2 Qe2 40. Nxd5 Rg4 41. Nf4 Qxb2 42. Qxg4 Qxc1 43. Nxh3 Qxa3 44. Qf4 Qb3 45. Qe5+ Kf8 46. d5 1-0

[Event "SWE-chT2 1112"]
[Site "Sweden"]
[Date "2012.03.10"]
[Round "8"]
[White "Johansson, Per"]
[Black "Arvidsson, Tomas"]
[Result "1-0"]
[WhiteElo "2031"]
[BlackElo "2162"]
[PlyCount "67"]
[EventDate "2011.10.22"]
[EventType "team-tourn"]
[EventRounds "9"]
[EventCountry "SWE"]
[SourceTitle "EXT 2013"]
[Source "ChessBase"]
[SourceDate "2012.11.22"]
[SourceVersion "1"]
[SourceVersionDate "2012.11.22"]
[SourceQuality "1"]
[WhiteTeam "Sodra"]
[BlackTeam "Norrkoping Schack 08"]
[WhiteTeamCountry "SWE"]
[BlackTeamCountry "SWE"]

1. d4 Nf6 2. Nf3 g6 3. c4 Bg7 4. g3 d6 5. Bg2 0-0 6. 0-0 Nc6 7. Nc3 a6 8. h3 Rb8 9. Qc2 Nd7 10. Rd1 e5 11. dxe5 Ndxe5 12. Nxe5 Bxe5 13. e3 Bf5 14. e4 Be6 15. Ne2 Qc8 16. Kh2 b5 17. cxb5 Nb4 18. Qd2 Rxb5 19. Nc3 Bxc3 20. Qxc3 Nxa2 21. Rxa2 Rh5 22. Rd5 Bxd5 23. exd5 Re8 24. Qc6 Rhe5 25. Be3 h5 26. h4 f6 27. Bh3 Qb8 28. Be6+ Kg7 29. Qd7+ Kh8 30. Bh6 Rg8 31. Bxg8 Qxg8 32. Rxa6 Re2 33. Ra8 Rxf2+ 34. Kg1 1-0

[Event "SWE-chT2 1112"]
[Site "Sweden"]
[Date "2012.02.05"]
[Round "6"]
[White "Johansson, Per"]
[Black "Linusson, Pelle"]
[Result "0-1"]
[WhiteElo "2031"]
[BlackElo "2148"]
[PlyCount "148"]
[EventDate "2011.10.22"]
[EventType "team-tourn"]
[EventRounds "9"]
[EventCountry "SWE"]
[SourceTitle "EXT 2013"]
[Source "ChessBase"]
[SourceDate "2012.11.22"]
[SourceVersion "1"]
[SourceVersionDate "2012.11.22"]
[SourceQuality "1"]
[WhiteTeam "Sodra"]
[BlackTeam "Burgsvik Alva"]
[WhiteTeamCountry "SWE"]
[BlackTeamCountry "SWE"]

1. d4 Nf6 2. Nf3 g6 3. c4 Bg7 4. g3 0-0 5. Bg2 d6 6. 0-0 c5 7. b3 Nc6 8. Bb2 Bg4 9. d5 Bxf3 10. Bxf3 Nd4 11. Bg2 Nd7 12. Nc3 Qa5 13. e3 Nb5 14. cxb5 Bxc3 15. Bxc3 Qxc3 16. Qe2 Qb4 17. Qc4 a6 18. bxa6 Rxa6 19. Qxb4 cxb4 20. Rfc1 Nc5 21. Bf1 Ra3 22. Rc4 Nxb3 23. Rd1 Nc5 24. Rxb4 Rxa2 25. e4 f6 26. f4 Ra4 27. Rdb1 Rxb4 28. Rxb4 Ra8 29. e5 fxe5 30. fxe5 dxe5 31. Rb5 Rc8 32. Bh3 Rc7 33. Rb1 Nd3 34. Be6+ Kg7 35. Rb6 Rc1+ 36. Kg2 Nc5 37. h4 e4 38. Kf2 Rc3 39. Rb5 Kf6 40. Bg8 Kg7 41. Be6 Nxe6 42. dxe6 Rc7 43. Ke3 Kf6 44. Kxe4 Kxe6 45. Rb6+ Kf7 46. g4 e6 47. Ke5 Rd7 48. h5 gxh5 49. gxh5 h6 50. Kf4 Kf6 51. Ke4 Rc7 52. Rb4 Rc5 53. Rxb7 Rxh5 54. Rb8 Rh4+ 55. Ke3 Kf5 56. Rf8+ Ke5 57. Ra8 h5 58. Ra5+ Kf6 59. Kf3 e5 60. Kg3 Rb4 61. Ra8 Rf4 62. Rf8+ Kg5 63. Re8 Kf5 64. Re7 h4+ 65. Kg2 e4 66. Re8 Rf3 67. Re7 Kf4 68. Re8 Ke3 69. Re7 h3+ 70. Kg1 Kd3 71. Rd7+ Ke2 72. Re7 e3 73. Re8 h2+ 74. Kh1 Kf2 0-1

[Event "EU-chT Seniors 12th"]
[Site "Dresden"]
[Date "2010.02.18"]
[Round "9"]
[White "Johansson, Per"]
[Black "Kristiansen, Erling"]
[Result "1/2-1/2"]
[WhiteElo "2060"]
[BlackElo "2208"]
[PlyCount "24"]
[EventDate "2010.02.10"]
[EventType "team-swiss"]
[EventRounds "9"]
[EventCountry "GER"]
[SourceTitle "CBM 134 Extra"]
[Source "ChessBase"]
[SourceDate "2010.03.03"]
[SourceVersion "1"]
[SourceVersionDate "2010.03.03"]
[SourceQuality "1"]
[WhiteTeam "Sweden (Seniors) III"]
[BlackTeam "Arctic Team (Seniors)"]
[WhiteTeamCountry "SWE"]
[BlackTeamCountry "NOR"]

1. d4 Nf6 2. Nf3 b6 3. g3 Bb7 4. Bg2 e6 5. c4 Bb4+ 6. Bd2 Bxd2+ 7. Qxd2 0-0 8. Nc3 d6 9. 0-0 Nbd7 10. d5 e5 11. e4 Nh5 12. Qg5 g6 1/2-1/2

[Event "EU-chT Seniors 12th"]
[Site "Dresden"]
[Date "2010.02.17"]
[Round "8"]
[White "Koskinen, Veikko"]
[Black "Johansson, Per"]
[Result "0-1"]
[WhiteElo "1990"]
[BlackElo "2060"]
[PlyCount "106"]
[EventDate "2010.02.10"]
[EventType "team-swiss"]
[EventRounds "9"]
[EventCountry "GER"]
[SourceTitle "CBM 134 Extra"]
[Source "ChessBase"]
[SourceDate "2010.03.03"]
[SourceVersion "1"]
[SourceVersionDate "2010.03.03"]
[SourceQuality "1"]
[WhiteTeam "Helsinki (Seniors)"]
[BlackTeam "Sweden (Seniors) III"]
[WhiteTeamCountry "FIN"]
[BlackTeamCountry "SWE"]

1. Nf3 d5 2. g3 Nf6 3. Bg2 Bf5 4. d3 e6 5. 0-0 Be7 6. b3 h6 7. Bb2 0-0 8. Nbd2 Nbd7 9. Qe1 Bh7 10. e4 c6 11. Qe2 a5 12. a4 Nc5 13. Ne5 Nfd7 14. f4 Nxe5 15. fxe5 dxe4 16. d4 Na6 17. Nxe4 Nb4 18. c3 Nd5 19. c4 Nb4 20. Rad1 Qc7 21. Qg4 Kh8 22. Rd2 Bf5 23. Qe2 Rad8 24. g4 Bg6 25. Rf3 c5 26. Kh1 cxd4 27. Bxd4 Nc6 28. Bb2 Rxd2 29. Nxd2 Rd8 30. Nf1 Nd4 31. Bxd4 Rxd4 32. h3 Qd7 33. Rg3 Bg5 34. Bf3 b6 35. Bg2 Bd3 36. Qf3 Be4 37. Qe2 Bd3 38. Qf3 Rf4 39. Qa8+ Kh7 40. Nh2 Bh4 41. Rf3 Be4 42. Rxf4 Bxa8 43. Bxa8 Bg3 44. Rf3 Bxe5 45. Be4+ g6 46. Rd3 Qc7 47. Nf1 Bf4 48. Kg2 Qe5 49. Bf3 Qb2+ 50. Kg1 Kg7 51. Bd1 Be5 52. Nd2 Bd4+ 53. Kf1 e5 0-1

[Event "EU-chT Seniors 12th"]
[Site "Dresden"]
[Date "2010.02.15"]
[Round "6"]
[White "Johansson, Per"]
[Black "Weiss, Werner"]
[Result "1/2-1/2"]
[WhiteElo "2060"]
[BlackElo "2199"]
[PlyCount "31"]
[EventDate "2010.02.10"]
[EventType "team-swiss"]
[EventRounds "9"]
[EventCountry "GER"]
[SourceTitle "CBM 134 Extra"]
[Source "ChessBase"]
[SourceDate "2010.03.03"]
[SourceVersion "1"]
[SourceVersionDate "2010.03.03"]
[SourceQuality "1"]
[WhiteTeam "Sweden (Seniors) III"]
[BlackTeam "Stiftung BSW/DBAG (Seniors)"]
[WhiteTeamCountry "SWE"]
[BlackTeamCountry "GER"]

1. d4 d6 2. Nf3 Nf6 3. g3 Bg4 4. c4 Nbd7 5. Bg2 c6 6. Nc3 e5 7. 0-0 Be7 8. h3 Bh5 9. Nh4 Bg6 10. Bg5 Qb6 11. dxe5 dxe5 12. Na4 Qc7 13. Rc1 Rd8 14. Qb3 Bh5 15. Nf5 Bf8 16. g4 1/2-1/2

[Event "EU-chT Seniors 12th"]
[Site "Dresden"]
[Date "2010.02.12"]
[Round "3"]
[White "Johansson, Per"]
[Black "Lenk, Wolfgang"]
[Result "0-1"]
[WhiteElo "2060"]
[BlackElo "2221"]
[PlyCount "72"]
[EventDate "2010.02.10"]
[EventType "team-swiss"]
[EventRounds "9"]
[EventCountry "GER"]
[SourceTitle "CBM 134 Extra"]
[Source "ChessBase"]
[SourceDate "2010.03.03"]
[SourceVersion "1"]
[SourceVersionDate "2010.03.03"]
[SourceQuality "1"]
[WhiteTeam "Sweden (Seniors) III"]
[BlackTeam "Dresden USV TU (Seniors)"]
[WhiteTeamCountry "SWE"]
[BlackTeamCountry "GER"]

1. d4 Nf6 2. Nf3 g6 3. c4 Bg7 4. g3 0-0 5. Bg2 d6 6. 0-0 Nc6 7. Nc3 a6 8. h3 Rb8 9. Qc2 Bd7 10. Be3 b5 11. b3 Bf5 12. Qd2 bxc4 13. Nh4 Bd7 14. bxc4 e5 15. d5 Na5 16. Qd3 Re8 17. Bg5 Qc8 18. Bxf6 Bxf6 19. Ne4 Bg7 20. Rab1 Rxb1 21. Rxb1 f5 22. Ng5 Nb7 23. Ne6 Bxe6 24. dxe6 Nc5 25. Qd5 Kh8 26. Nf3 Nxe6 27. Qb7 e4 28. Nd2 Qxb7 29. Rxb7 Bd4 30. Rb1 e3 31. Nb3 exf2+ 32. Kf1 Bb6 33. Rd1 Ng5 34. Nd4 Ne4 35. g4 Ng3+ 36. Kxf2 Nxe2 0-1

[Event "Vaxjo Veteran-SM 2008"]
[Site "Vaxjo"]
[Date "2008.07.08"]
[Round "6"]
[White "Johansson, Per"]
[Black "Andersson, Matts"]
[Result "1/2-1/2"]
[WhiteElo "2000"]
[BlackElo "1993"]
[PlyCount "90"]
[EventDate "2008.07.02"]
[EventType "swiss"]
[EventRounds "9"]
[EventCountry "SWE"]
[SourceTitle "EXT 2024"]
[Source "ChessBase"]
[SourceDate "2023.10.10"]
[SourceVersion "1"]
[SourceVersionDate "2023.10.10"]
[SourceQuality "1"]

1. d4 d5 2. Nf3 Bg4 3. Qd3 c6 4. Ne5 Bh5 5. g4 Bg6 6. Nxg6 hxg6 7. Bg2 e6 8. Bf4 Bd6 9. Bxd6 Qxd6 10. h3 Qb4+ 11. Nd2 Nd7 12. 0-0 Ngf6 13. a3 Qe7 14. e4 dxe4 15. Nxe4 Nxe4 16. Qxe4 0-0-0 17. b4 f5 18. gxf5 gxf5 19. Qe3 Nf6 20. Rfe1 Rh4 21. c3 Nd5 22. Bxd5 Rxd5 23. Qxe6+ Qxe6 24. Rxe6 Rxh3 25. Re3 Rxe3 26. fxe3 Kd7 27. Kf2 Ke6 28. Rg1 Rd7 29. c4 a6 30. Kf3 Kf6 31. e4 Rxd4 32. exf5 Rxc4 33. Rg6+ Kxf5 34. Rxg7 Rc3+ 35. Ke2 Rxa3 36. Rxb7 Ke4 37. Rb6 Ra2+ 38. Kd1 Kd5 39. Kc1 Kd6 40. Kb1 Ra4 41. Rb7 Kd5 42. Rb6 a5 43. bxa5 Rxa5 44. Kc2 Rc5+ 45. Kd3 Ra5 1/2-1/2

[Event "Vaxjo Veteran-SM 2008"]
[Site "Vaxjo"]
[Date "2008.07.03"]
[Round "2"]
[White "Klasen, Gunnar"]
[Black "Johansson, Per"]
[Result "1/2-1/2"]
[WhiteElo "1819"]
[BlackElo "2000"]
[PlyCount "48"]
[EventDate "2008.07.02"]
[EventType "swiss"]
[EventRounds "9"]
[EventCountry "SWE"]
[SourceTitle "EXT 2024"]
[Source "ChessBase"]
[SourceDate "2023.10.10"]
[SourceVersion "1"]
[SourceVersionDate "2023.10.10"]
[SourceQuality "1"]

1. e4 c6 2. d4 d5 3. Nc3 dxe4 4. Nxe4 Nf6 5. Ng3 h5 6. Bc4 h4 7. N3e2 Bf5 8. Bd3 Bxd3 9. Qxd3 Qd5 10. Nf3 Na6 11. Nc3 Qd6 12. a3 Nc7 13. Be3 Ncd5 14. Nxd5 Nxd5 15. 0-0-0 e6 16. g3 Be7 17. c4 Nxe3 18. Qxe3 Bf6 19. Ne5 Qc7 20. f4 hxg3 21. hxg3 0-0-0 22. Rhe1 Bxe5 23. dxe5 c5 24. Rxd8+ Rxd8 1/2-1/2

[Event "Gausdal op-B"]
[Site "Gausdal"]
[Date "2008.04.15"]
[Round "8"]
[White "Lund, Terje"]
[Black "Johansson, Per"]
[Result "1-0"]
[WhiteElo "2068"]
[BlackElo "2009"]
[PlyCount "47"]
[EventDate "2008.04.08"]
[EventType "swiss"]
[EventRounds "9"]
[EventCountry "NOR"]
[SourceTitle "CBM 123 Extra"]
[Source "ChessBase"]
[SourceDate "2008.05.06"]
[SourceVersion "1"]
[SourceVersionDate "2008.05.06"]
[SourceQuality "1"]

1. d4 d5 2. Bf4 c6 3. e3 Nf6 4. Nf3 Bg4 5. c4 e6 6. Nbd2 Be7 7. Bd3 Nbd7 8. Qc2 Bh5 9. Ne5 Nxe5 10. dxe5 Nd7 11. 0-0 Nc5 12. cxd5 Nxd3 13. Qxd3 Qxd5 14. Qc3 0-0 15. e4 Qc5 16. Qg3 Rfd8 17. Rac1 Qb5 18. b3 Rd3 19. f3 Qb6+ 20. Kh1 Rad8 21. Nc4 Qd4 22. Nd6 Bxd6 23. exd6 Qf6 24. Bg5 1-0

[Event "Gausdal op-B"]
[Site "Gausdal"]
[Date "2008.04.14"]
[Round "7"]
[White "Johansson, Per"]
[Black "Boje, Tobias R"]
[Result "1/2-1/2"]
[WhiteElo "2009"]
[BlackElo "1961"]
[PlyCount "39"]
[EventDate "2008.04.08"]
[EventType "swiss"]
[EventRounds "9"]
[EventCountry "NOR"]
[SourceTitle "CBM 123 Extra"]
[Source "ChessBase"]
[SourceDate "2008.05.06"]
[SourceVersion "1"]
[SourceVersionDate "2008.05.06"]
[SourceQuality "1"]

1. d4 d5 2. Nf3 Nf6 3. c4 e6 4. g3 Be7 5. Bg2 0-0 6. 0-0 dxc4 7. Nbd2 c5 8. Nxc4 Nc6 9. dxc5 Bxc5 10. Bg5 h6 11. Qxd8 Rxd8 12. Bf4 Nd5 13. Rad1 Nxf4 14. Rxd8+ Nxd8 15. gxf4 Bd7 16. Nfe5 Bc6 17. Nxc6 Nxc6 18. Rd1 Rd8 19. Rxd8+ Nxd8 20. Ne5 1/2-1/2

[Event "Gausdal op-B"]
[Site "Gausdal"]
[Date "2008.04.13"]
[Round "6"]
[White "Agustsson, Hafsteinn"]
[Black "Johansson, Per"]
[Result "1/2-1/2"]
[WhiteElo "1966"]
[BlackElo "2009"]
[PlyCount "41"]
[EventDate "2008.04.08"]
[EventType "swiss"]
[EventRounds "9"]
[EventCountry "NOR"]
[SourceTitle "CBM 123 Extra"]
[Source "ChessBase"]
[SourceDate "2008.05.06"]
[SourceVersion "1"]
[SourceVersionDate "2008.05.06"]
[SourceQuality "1"]

1. e4 c6 2. d3 d5 3. Nd2 e5 4. Ngf3 Bd6 5. d4 exd4 6. exd5 cxd5 7. Nxd4 Nf6 8. Bb5+ Bd7 9. Qe2+ Qe7 10. Qxe7+ Kxe7 11. Bxd7 Kxd7 12. 0-0 g6 13. N2f3 Nc6 14. Nb5 Ne5 15. Nxd6 Nxf3+ 16. gxf3 Kxd6 17. Bf4+ Ke6 18. Rfe1+ Kf5 19. Bg3 Rhe8 20. c3 Re6 21. Re3 1/2-1/2

[Event "SWE-ch Seniors"]
[Site "Stockholm"]
[Date "2007.07.10"]
[Round "6"]
[White "Johansson, Per"]
[Black "Ohman, Anders"]
[Result "1/2-1/2"]
[WhiteElo "2003"]
[BlackElo "2067"]
[PlyCount "43"]
[EventDate "2007.07.04"]
[EventType "swiss"]
[EventRounds "9"]
[EventCountry "SWE"]
[SourceTitle "CBM 119 Extra"]
[Source "ChessBase"]
[SourceDate "2007.09.04"]
[SourceVersion "1"]
[SourceVersionDate "2007.09.04"]
[SourceQuality "1"]

1. d4 d5 2. Nf3 Nf6 3. c4 c6 4. Qb3 dxc4 5. Qxc4 Be6 6. Qc2 Bd5 7. Nbd2 Bxf3 8. Nxf3 e6 9. g3 Bb4+ 10. Bd2 Bxd2+ 11. Qxd2 Nbd7 12. Bg2 0-0 13. 0-0 Re8 14. Qb4 Qb6 15. Qxb6 axb6 16. Rfd1 Kf8 17. a3 Ke7 18. e3 h6 19. Bf1 Red8 20. Bc4 Ra7 21. Rac1 Raa8 22. Kf1 1/2-1/2

[Event "SWE-ch Seniors"]
[Site "Stockholm"]
[Date "2007.07.06"]
[Round "3"]
[White "Gustavsson, Sture"]
[Black "Johansson, Per"]
[Result "1/2-1/2"]
[WhiteElo "2109"]
[BlackElo "2003"]
[PlyCount "29"]
[EventDate "2007.07.04"]
[EventType "swiss"]
[EventRounds "9"]
[EventCountry "SWE"]
[SourceTitle "CBM 119 Extra"]
[Source "ChessBase"]
[SourceDate "2007.09.04"]
[SourceVersion "1"]
[SourceVersionDate "2007.09.04"]
[SourceQuality "1"]

1. d4 d5 2. Nf3 Nf6 3. e3 Bg4 4. c4 c6 5. Qb3 Qb6 6. Nc3 e6 7. Bd2 Nbd7 8. c5 Qc7 9. Rc1 Be7 10. Qc2 Bf5 11. Bd3 Bxd3 12. Qxd3 e5 13. Nxe5 Nxe5 14. dxe5 Qxe5 15. Qd4 1/2-1/2

[Event "Gausdal Classics Elo op"]
[Site "Gausdal"]
[Date "2007.04.26"]
[Round "9"]
[White "Boje, Tobias R"]
[Black "Johansson, Per"]
[Result "1/2-1/2"]
[WhiteElo "1908"]
[BlackElo "2017"]
[PlyCount "44"]
[EventDate "2007.04.18"]
[EventType "swiss"]
[EventRounds "9"]
[EventCountry "NOR"]
[SourceTitle "EXT 2008"]
[Source "ChessBase"]
[SourceDate "2007.11.25"]
[SourceVersion "1"]
[SourceVersionDate "2007.11.25"]
[SourceQuality "1"]

1. e4 c6 2. d4 d5 3. e5 Bf5 4. Nc3 e6 5. g4 Bg6 6. Nge2 f6 7. Nf4 fxe5 8. Nxe6 Qe7 9. Nxf8 exd4+ 10. Be2 dxc3 11. Nxg6 hxg6 12. Qd3 Nf6 13. Qxc3 Nbd7 14. Be3 Ne4 15. Qb3 Ndc5 16. Bxc5 Nxc5 17. Qa3 Ne4 18. Qxe7+ Kxe7 19. Bd3 Kf7 20. Bxe4 Rae8 21. Kd2 Rxe4 22. f3 Rf4 1/2-1/2

[Event "Gausdal Classics Elo op"]
[Site "Gausdal"]
[Date "2007.04.24"]
[Round "7"]
[White "Thingstad, Even"]
[Black "Johansson, Per"]
[Result "0-1"]
[WhiteElo "1750"]
[BlackElo "2017"]
[PlyCount "52"]
[EventDate "2007.04.18"]
[EventType "swiss"]
[EventRounds "9"]
[EventCountry "NOR"]
[SourceTitle "EXT 2008"]
[Source "ChessBase"]
[SourceDate "2007.11.25"]
[SourceVersion "1"]
[SourceVersionDate "2007.11.25"]
[SourceQuality "1"]

1. d4 d5 2. c4 c6 3. Nf3 Nf6 4. Nc3 dxc4 5. a4 Bf5 6. e3 e6 7. Bxc4 Bb4 8. 0-0 Nbd7 9. h3 0-0 10. Nh4 Ne4 11. Nxf5 exf5 12. Na2 Bd6 13. b4 Qh4 14. Qf3 g6 15. Rd1 Nb6 16. Bb3 Nd5 17. b5 Rfe8 18. Bb2 Ng5 19. Qe2 Nf4 20. Qf1 Nfxh3+ 21. gxh3 Nxh3+ 22. Kg2 Rxe3 23. Bxf7+ Kxf7 24. Qc4+ Re6 25. Rd2 Nf4+ 26. Kg1 Qg4+ 0-1

[Event "Gausdal Classics Elo op"]
[Site "Gausdal"]
[Date "2007.04.20"]
[Round "3"]
[White "Carlsen, Ellen Oen"]
[Black "Johansson, Per"]
[Result "0-1"]
[WhiteElo "1805"]
[BlackElo "2017"]
[PlyCount "58"]
[EventDate "2007.04.18"]
[EventType "swiss"]
[EventRounds "9"]
[EventCountry "NOR"]
[SourceTitle "EXT 2008"]
[Source "ChessBase"]
[SourceDate "2007.11.25"]
[SourceVersion "1"]
[SourceVersionDate "2007.11.25"]
[SourceQuality "1"]

1. e4 c6 2. d4 d5 3. e5 Bf5 4. Nc3 e6 5. g4 Bg6 6. Nge2 Bb4 7. Nf4 Be4 8. Bg2 Bxg2 9. Nxg2 c5 10. a3 cxd4 11. axb4 dxc3 12. bxc3 Qc7 13. Qd3 Qxe5+ 14. Be3 Nc6 15. 0-0 Qc7 16. b5 Ne5 17. Qe2 Nc4 18. Bd4 Nf6 19. g5 Ne4 20. Bxg7 Rg8 21. Bd4 Rxg5 22. Kh1 Rg6 23. Qh5 Nf6 24. Bxf6 Rxf6 25. Qxh7 Ke7 26. Ne3 Qf4 27. Rae1 Qf3+ 28. Ng2 Rg6 29. Rg1 Rag8 0-1